English Football Clubs by Nicknames - Statistics

General Stats
  • This quiz has been taken 29 times
  • The average score is 13 of 25
Answer Stats
Nickname Answer % Correct
The Eagles Crystal Palace
96%
The Red Devils Manchester United
96%
The Cherries Bournemouth
89%
The Magpies Newcastle United
81%
The Canaries Norwich City
74%
The Hornets Watford
74%
The Reds Liverpool
70%
The Baggies West Bromwich Albion
70%
The Villans Aston Villa
67%
The Clarets Burnley
63%
The Cottagers Fulham
63%
The Potters Stoke City
59%
The Imps Lincoln City
52%
The Terriers Huddersfield Town
44%
The Hoops QPR
44%
The Pilgrims Plymouth Argyle
41%
Brewers Burton Albion
37%
The Saddlers Walsall
37%
The Lilywhites Preston North End
33%
The Grecians Exeter City
30%
The Robins Swindon Town
30%
Spireites Chesterfield
22%
The U's Colchester United
22%
The Ammies Salford City
11%
The Hatters Stockport County
11%
No matching quizzes found
Score Distribution
Percent of People with Each Score
Percentile by Number Answered
Your Score History
You have not taken this quiz